Disaster risk management systems analysis : A guide book

This book include: more frequent extreme weather events associated with increasing climate variability and change, agricultural production systems that increa risk, population growth combined with demographic change and movements leading for instance, to unplanning urbanization, growing demand for f...

Cur síos iomlán

Đã lưu trong:
Sonraí Bibleagrafaíochta
Údar Corparáideach: Food and Agriculture Organization of the United Nations
Formáid: Leabhar
Teanga:Undetermined
Foilsithe: Rome Food and Agriculture Organization of the United Nations 2008
Ábhair:
Clibeanna: Cuir Clib Leis
Gan Chlibeanna, Bí ar an gcéad duine leis an taifead seo a chlibeáil!
Thư viện lưu trữ: Trung tâm Học liệu Trường Đại học Cần Thơ
LEADER 01215nam a2200241Ia 4500
001 CTU_172935
008 210402s9999 xx 000 0 und d
082 |a 363.348 
082 |b F686/N.13 
110 |a Food and Agriculture Organization of the United Nations 
245 0 |a Disaster risk management systems analysis : 
245 2 |b A guide book 
245 0 |c Food and Agriculture Organization of the United Nations ; Stephan Baas ...[et al.] 
260 |a Rome 
260 |b Food and Agriculture Organization of the United Nations 
260 |c 2008 
520 |a This book include: more frequent extreme weather events associated with increasing climate variability and change, agricultural production systems that increa risk, population growth combined with demographic change and movements leading for instance, to unplanning urbanization, growing demand for food, industrial goods and services, and increasing pressure on natural resources. 
526 |a Dự báo và quản lý thảm họa 
526 |b MTD608 
650 |a Disasters,Thiên tai 
650 |x Risk assessment,Đánh giá rủi ro 
904 |i Lan, K.Mi, Năm 
980 |a Trung tâm Học liệu Trường Đại học Cần Thơ